000
00294nam a22001337a 4500
008
171024b xxu||||| |||| 00| 0 eng d
020
_a
0023650702
041
_a
eng
080
_2
2ND
_a
311
100
_a
55
101
_a
STA
245
_a
ELEMENTS OF ECONOMETRICS
_c
KMENTA,J
942
_2
udc
_c
BK
999
_c
35787
_d
35787